Spieler des Monats Bundesliga Saison 2022/2023 - Statistiken

Allgemein
  • Dieses Quiz wurde 239 mal gespielt
  • Das Durchschnittsergebnis liegt bei 6 aus 8
Antwortstatistiken
Monat Verein Spieler % Korrekt
September 2022 Werder Bremen Niclas Füllkrug
89%
Oktober 2022 Werder Bremen Niclas Füllkrug
89%
Januar 2023 Borussia Dortmund Julian Brandt
86%
Februar 2023 Borussia Dortmund Julian Brandt
86%
November 2022 FC Bayern München Serge Gnabry
67%
August 2022 1. FC Union Berlin Sheraldo Becker
59%
April 2023 Borussia Dortmund Donyell Malen
56%
März 2023 Borussia Dortmund Raphaël Guerreiro
36%
Keine übereinstimmenden Quizze gefunden
Verteilung der Resultate
Anzahl Personen mit jedem Resultat
Perzentil nach korrekt beantworteten Fragen
Ihre Resultats-Entwicklung
Sie haben dieses Quiz noch nicht gespielt